00761 a2200193 45000010006000000050017000060080041000230030015000640400040000790800063001192450064001820200018002462640042002643000019003065050117003250410008004421000018004508560099004684577320260407155729.0260407a1987 arg spa dAR-UNSa-BCEJYS aAR-UNSa-BCEJYSbspacAR-UNSa-BCEJYS a316.3xEstructura social. La sociedad como sistema social 10aEstructura social de la Argentinapanálisis estadístico a950-9086-26-6 1aBuenos Aires :bEdiciones Solarc1987 a278 p.c20 cm. a1. Estructura demográfica – 2. Estructura económico-social – 3. Otros aspectos de la estructura social.  aspa1 aGermani, Gino41uhttps://www.biblioeco.unsa.edu.ar/pmb/images/libros/L127175.jpgyImagen de portadaqimage/jpeg